Español 5000 #15 - Sustantivos (masculinos, cognados, diff. media) - Statistics

General Stats
  • This quiz has been taken 25 times
  • The average score is 57 of 192
Answer Stats
Definición Palabra % Correct
Entrada o posibilidad de llegar a algo acceso
67%
Evento inesperado que causa daño accidente
67%
Decisión común entre dos o más partes acuerdo
67%
Objeto decorativo adorno
67%
Mensaje para informar o promocionar algo anuncio
67%
Estructura curva o instrumento para disparar flechas arco
67%
Olor agradable aroma
67%
Muerte intencional de una persona asesinato
67%
Persona que comete un asesinato asesino
67%
Sala para conferencias o espectáculos auditorio
67%
Plataforma elevada que sobresale de un edificio balcón
67%
Esfera usada en deportes balón
67%
Sistema para organizar los días del año calendario
67%
Vía de comunicación o curso de agua canal
67%
Enfermedad grave por crecimiento celular anormal cáncer
67%
Formación geológica profunda o arma de gran calibre cañón
67%
Acción de cantar canto
67%
Desorden extremo caos
67%
Líder de un equipo o embarcación capitán
67%
Material negro usado como combustible carbón
67%
Elemento químico esencial para la vida carbono
67%
Lugar donde se entierran los muertos cementerio
67%
Documento para pagar con dinero de una cuenta bancaria cheque
67%
Producto de tabaco para fumar cigarrillo
67%
Forma más gruesa de cigarrillo cigarro
67%
Lugar donde se proyectan películas cine
67%
Espectáculo con artistas y animales circo
67%
Condiciones atmosféricas de una región clima
67%
Metal rojizo usado en electricidad cobre
67%
Fruto tropical con cáscara dura y pulpa blanca coco
67%
Institución educativa colegio
67%
Idea o noción abstracta concepto
67%
Presentación musical en vivo concierto
67%
Grupo de personas que cantan juntas coro
67%
Falta de organización desorden
67%
Fin legal de un matrimonio divorcio
67%
Cuarto donde se duerme dormitorio
67%
Parte básica de un conjunto o sustancia química elemento
67%
Vehículo aéreo con hélices horizontales helicóptero
67%
Línea donde parecen unirse el cielo y la tierra horizonte
67%
Persona originaria de América o de la India (según contexto) indio
67%
Momento muy breve instante
67%
Objeto usado para realizar una tarea o hacer música instrumento
67%
Palabra ofensiva o irrespetuosa insulto
67%
Creación nueva y útil invento
67%
Periodo de mil años milenio
67%
Conjunto de notas musicales tocadas al mismo tiempo acorde
33%
Espacio entre dos líneas que se cruzan ángulo
33%
Vivienda dentro de un edificio apartamento
33%
Golpes de palma como muestra de aprobación aplauso
33%
Apariencia externa de algo o alguien aspecto
33%
Unidad básica de la materia átomo
33%
Equilibrio o resumen financiero balance
33%
Danza clásica con movimientos elegantes ballet
33%
Ventaja o ganancia obtenida beneficio
33%
Sitio web con publicaciones personales o temáticas blog
33%
Impedimento del paso o acceso bloqueo
33%
Material rígido hecho de papel grueso cartón
33%
Comunicación o conexión física contacto
33%
Gran extensión de tierra que forma parte del planeta continente
33%
Acuerdo legal entre dos o más partes contrato
33%
Persona que origina o inventa algo creador
33%
Préstamo de dinero o reconocimiento por algo crédito
33%
Acción ilegal grave crimen
33%
Información específica y concreta dato
33%
Ser maligno en creencias religiosas demonio
33%
Lugar donde se guarda algo; también acción de guardar dinero depósito
33%
Conversación entre dos o más personas diálogo
33%
Objeto circular para almacenar música o datos disco
33%
Sentimiento de molestia o rechazo disgusto
33%
Texto que contiene información oficial documento
33%
Actividad física o práctica de algo ejercicio
33%
Partícula subatómica con carga negativa electrón
33%
Lugar grande para eventos deportivos o espectáculos estadio
33%
Norma legal que regula una organización estatuto
33%
Prueba para evaluar conocimientos examen
33%
Persona con gran inteligencia o talento genio
33%
Parte del mar que entra en la tierra golfo
33%
Elemento químico más ligero hidrógeno
33%
Estado emocional o capacidad para hacer reír humor
33%
Lista ordenada o medida comparativa índice
33%
Persona considerada de forma separada individuo
33%
Elemento que forma parte de una mezcla ingrediente
33%
Curiosidad o beneficio económico interés
33%
Parte de un grupo o cuerpo humano miembro
33%
Elevación natural del terreno monte
33%
Meta que se quiere alcanzar objetivo
33%
Sensación percibida por el sentido del olfato olor
33%
Parte del cuerpo con función específica órgano
33%
Gas esencial para la respiración oxígeno
33%
Miedo intenso y repentino pánico
33%
Acción de disculpar una ofensa perdón
33%
Autorización para hacer algo permiso
33%
Líquido natural usado como fuente de energía petróleo
33%
Sensación de gusto o satisfacción placer
33%
Cuerpo celeste que gira alrededor de una estrella planeta
33%
Representación gráfica de un espacio plano
33%
Persona privada de libertad prisionero
33%
Conjunto de pasos para lograr un resultado proceso
33%
Objeto creado para ser usado o vendido producto
33%
Conjunto de actividades o software programa
33%
Persona o cosa que defiende o cuida algo protector
33%
Lugar donde llegan barcos o conexión digital puerto
33%
Descarga eléctrica en una tormenta rayo
33%
Bienes o medios disponibles para un fin recursos
33%
Parte que queda o sobra resto
33%
Conjunto de acciones simbólicas o religiosas ritual
33%
Acción de tomar algo sin permiso robo
33%
Papel o función que cumple alguien rol
33%
Cilindro de papel o conversación larga y aburrida rollo
33%
Dinero que se paga por un trabajo salario
33%
Objeto que gira alrededor de un planeta satélite
33%
Producto derivado de la planta de nicotina tabaco
33%
Habilidad natural o adquirida para hacer algo bien talento
33%
Contenedor grande o vehículo blindado tanque
33%
Área bajo jurisdicción de una entidad territorio
33%
Conjunto de objetos de gran valor tesoro
33%
Declaración legal de última voluntad testamento
33%
Cilindro hueco para conducir líquidos o gases tubo
33%
Paso subterráneo túnel
33%
Aplicación o empleo de algo uso
33%
Tela que cubre el rostro o la cabeza velo
33%
Acción o evento formal acto
0%
Texto informativo o producto en venta artículo
0%
Progreso o mejora avance
0%
Lista organizada de productos o elementos catálogo
0%
Documento que confirma algo oficialmente certificado
0%
Sonido o acción de presionar un botón clic
0%
Opinión o explicación sobre algo comentario
0%
Elemento que completa o mejora algo complemento
0%
Obligación asumida o acuerdo entre partes compromiso
0%
Enfrentamiento entre ideas, personas o grupos conflicto
0%
Información o elementos dentro de algo contenido
0%
Cuerda delgada usada para atar o colgar cordón
0%
Persona que evalúa o juzga algo; también situación grave crítico
0%
Programa de estudio o trayectoria de algo curso
0%
División administrativa o sección de una organización departamento
0%
Resultado o consecuencia de algo efecto
0%
Persona con cargo directivo ejecutivo
0%
Atención dirigida hacia algo específico enfoque
0%
Parte de una serie o evento específico episodio
0%
Tensión física o emocional estrés
0%
Suceso importante o programado evento
0%
Cantidad mayor de lo necesario exceso
0%
Recursos económicos disponibles fondos
0%
Estructura o presentación de algo formato
0%
Grupo de ministros o mueble con compartimentos gabinete
0%
Movimiento corporal que expresa algo gesto
0%
Autoridad que dirige un país o región gobierno
0%
Costumbre adquir hábito
0%
Frontera o punto que no se puede superar límite
0%
Sustancia usada para curar enfermedades medicamento
0%
Valor o reconocimiento por una acción mérito
0%
Manera organizada de hacer algo método
0%
Algo desconocido o difícil de explicar misterio
0%
Relato tradicional con elementos fantásticos mito
0%
Obra construida para recordar algo importante monumento
0%
Razón o causa de una acción motivo
0%
Cambio de posición o acción colectiva movimiento
0%
División administrativa de un país municipio
0%
Parte central de algo núcleo
0%
Superficie o grupo de personas para discusión o control panel
0%
Contorno de una figura o descripción personal perfil
0%
Intervalo de tiempo definido período
0%
Composición literaria en verso poema
0%
Punto extremo del eje terrestre o magnético polo
0%
Entrada principal o sitio web portal
0%
Avance hacia una meta progreso
0%
Plan para realizar una tarea o investigación proyecto
0%
Grupo de personas o algo accesible a todos público
0%
Propiedad rural con animales o cultivos rancho
0%
Territorio gobernado por un rey reino
0%
Consecuencia de una acción o proceso resultado
0%
Regreso a un lugar o situación retorno
0%
Precisión o severidad en algo rigor
0%
Patrón repetitivo en música o movimiento ritmo
0%
Parte o división de una actividad o lugar sector
0%
Dirección, percepción o significado sentido
0%
Acción de ayudar o proporcionar algo útil servicio
0%
Espectáculo o presentación pública show
0%
Conjunto organizado de elementos que interactúan sistema
0%
Base o ayuda física o conceptual soporte
0%
Edificio dedicado al culto religioso templo
0%
Porción de tierra terreno
0%
Nombre o designación de algo o alguien título
0%
Calidad o matiz de un sonido o expresión tono
0%
Movimiento de vehículos o personas tráfico
0%
Acción de mover algo de un lugar a otro transporte
0%
Masa anormal de tejido tumor
0%
No matching quizzes found
Score Distribution
Percent of People with Each Score
Percentile by Number Answered
Your Score History
You have not taken this quiz